Normal view
MARC view
Entry Personal Name
001 - CONTROL NUMBER
- control field: 190290
003 - CONTROL NUMBER IDENTIFIER
- control field:
005 - DATE AND TIME OF LATEST TRANSACTION
- control field: 20210601194734.0
008 - FIXED-LENGTH DATA ELEMENTS
- fixed length control field: 210601|| aca||aabn | a|a d
040 ## - CATALOGING SOURCE
- Original cataloging agency:
- Transcribing agency:
100 ## - HEADING--PERSONAL NAME
- Personal name: Narain, K
670 ## - SOURCE DATA FOUND
- Source citation: Work cat.: (): Narain, K., A critique of Madhva refutation of the Samkara school of Vedanta /, 1986
